Israel, my beloved / (Record no. 2020)

MARC details
000 -LEADER
fixed length control field 00711cam a2200253 a 4500
001 - CONTROL NUMBER
control field 118090
003 - CONTROL NUMBER IDENTIFIER
control field GBCCL
005 - DATE AND TIME OF LATEST TRANSACTION
control field 20241126110415.0
008 - FIXED-LENGTH DATA ELEMENTS--GENERAL INFORMATION
fixed length control field 950602s1996 oruab 000 1 eng
010 ## -
-- 95030366
020 ## - INTERNATIONAL STANDARD BOOK NUMBER
International Standard Book Number 1565074033 (alk. paper)
035 ## - SYSTEM CONTROL NUMBER
System control number (OCoLC)ocm32699009
040 ## - CATALOGING SOURCE
Original cataloging agency DLC
Transcribing agency DLC
Modifying agency OCL
-- OCLCQ
049 ## -
-- LBBK
050 00 -
-- PS3551.R764
-- I83 1996
082 00 - DEWEY DECIMAL CLASSIFICATION NUMBER
Classification number 813.54
Edition information 20
Item number ART
090 ## - LOCALLY ASSIGNED LC-TYPE CALL NUMBER (OCLC); LOCAL CALL NUMBER (RLIN)
Classification number (OCLC) (R) ; Classification number, CALL (RLIN) (NR) PS3551.R764
Local cutter number (OCLC) ; Book number/undivided call number, CALL (RLIN) I83 1996
100 1# - MAIN ENTRY--PERSONAL NAME
Personal name Arthur, Kay,
Dates associated with a name 1933-
9 (RLIN) 1841
245 10 - TITLE STATEMENT
Title Israel, my beloved /
Statement of responsibility, etc. Kay Arthur.
260 ## - PUBLICATION, DISTRIBUTION, ETC.
Place of publication, distribution, etc. Eugene, OR :
Name of publisher, distributor, etc. Harvest House Publishers,
Date of publication, distribution, etc. c1996.
300 ## - PHYSICAL DESCRIPTION
Extent 443 p. :
Other physical details col. ill., maps ;
Dimensions 24 cm.
650 #0 - SUBJECT ADDED ENTRY--TOPICAL TERM
Topical term or geographic name entry element Jews
Form subdivision Fiction.
9 (RLIN) 4163
942 ## - ADDED ENTRY ELEMENTS (KOHA)
Source of classification or shelving scheme Dewey Decimal Classification
Koha item type Books
Holdings
Withdrawn status Lost status Source of classification or shelving scheme Damaged status Not for loan Home library Current Library Shelving location Date acquired Total checkouts Full call number Barcode Date last seen Copy number Price effective from Koha item type
    Dewey Decimal Classification     GRACE BIBLE COLLEGE GRACE BIBLE COLLEGE General Studies 2017-06-07   813.54 ART 009501 2025-05-01 c.1 2017-06-07 Books
© Grace Bible College Library 2025